| 000 | 01144pam a2200325 a 4500 | ||
|---|---|---|---|
| 001 | 4981577 | ||
| 003 | OSt | ||
| 005 | 20140310182723.0 | ||
| 008 | 980804s1999 maua b 001 0 eng | ||
| 010 | _a 98040402 | ||
| 020 | _a0321189965 | ||
| 040 |
_aDLC _cDLC _dDLC |
||
| 050 | 0 | 0 |
_aQA 76.73.C153 _b.W46 2003 |
| 100 | 1 | _aWeiss, Mark Allen. | |
| 245 | 1 | 0 |
_aData structures & algorithm analysis in C++ / _cMark Allen Weiss. |
| 246 | 3 | _aData structures and algorithm analysis in C++ | |
| 250 | _a2nd ed. | ||
| 260 |
_aReading, Mass. : _bAddison Wesley, _c2003. |
||
| 300 |
_axviii, 588 p. : _bill. ; _c24 cm. |
||
| 504 | _aIncludes bibliographical references and index. | ||
| 521 | _aIT | ||
| 562 | _efor circulation. 1 copy available in the collection | ||
| 650 | 0 | _aC++ (Computer program language) | |
| 650 | 0 | _aData structures (Computer science) | |
| 650 | 0 | _aComputer algorithms. | |
| 906 |
_a7 _bcbc _corignew _d1 _eocip _f19 _gy-gencatlg |
||
| 942 |
_2lcc _cBK _kFOR |
||
| 999 |
_c15363 _d15363 |
||